The pony express / (Record no. 7152)
[ view plain ]
| 000 -LEADER | |
|---|---|
| fixed length control field | 00682cam a2200253 4500 |
| 001 - CONTROL NUMBER | |
| JCCL Control Number | 7152 |
| 003 - CONTROL NUMBER IDENTIFIER | |
| JCCL marc code | BD-JhCC |
| 005 - DATE AND TIME OF LATEST TRANSACTION | |
| control field | 20180224173913.0 |
| 008 - FIXED-LENGTH DATA ELEMENTS--GENERAL INFORMATION | |
| fixed length control field | 711021s1950 nyua 000 0 eng |
| 035 ## - SYSTEM CONTROL NUMBER | |
| system control number | (BD-JhCC) 7152 |
| 035 ## - SYSTEM CONTROL NUMBER | |
| system control number | (OCoLC)166055 |
| 040 ## - CATALOGING SOURCE | |
| Original cataloging agency | DLC |
| Transcribing agency | OTifH |
| Modifying agency | OCoLC |
| -- | DLC |
| 041 ## - LANGUAGE CODE | |
| Language code of Book | eng |
| 050 00 - LIBRARY OF CONGRESS CALL NUMBER | |
| Classification number | PZ7.A2177 |
| Item number | Po |
| 082 ## - DEWEY DECIMAL CLASSIFICATION NUMBER | |
| Classification number | 383 |
| Author mark and Year | ADA 1950 |
| 100 1# - MAIN ENTRY--PERSONAL NAME | |
| Personal name | Adams, Samuel Hopkins, |
| 245 14 - TITLE STATEMENT | |
| Title | The pony express / |
| Statement of responsibility, etc | Samuel Hopkins Adams, illustrated by Lee J. Ames. |
| 260 ## - PUBLICATION, DISTRIBUTION, ETC. (IMPRINT) | |
| Place of publication, distribution, etc | New York, |
| Name of publisher, distributor, etc | Random House |
| Date of publication, distribution, etc | [c1950] |
| 300 ## - PHYSICAL DESCRIPTION | |
| Pagination | 185 p. |
| Other physical details | col. illus. |
| Dimensions | 22 cm. |
| 490 0# - SERIES STATEMENT | |
| Series statement | Landmark books [7] |
| 650 ## - SUBJECT ADDED ENTRY--TOPICAL TERM | |
| Topical term or geographic name as entry element | Pony express |
| 942 ## - ADDED ENTRY ELEMENTS (KOHA) | |
| Source of classification or shelving scheme | Dewey Decimal Classification |
| Koha item type | Books |
| Source of classification or shelving scheme | Damaged status | Not for loan | Home library | Current library | Shelving location | Source of acquisition | Total Checkouts | Full call number | Barcode | Date last seen | Copy number | Koha item type |
|---|---|---|---|---|---|---|---|---|---|---|---|---|
| Dewey Decimal Classification | JCC Rouf Library | JCC Rouf Library | General Stacks | Ther Asia Foundation | 383 ADA 1950 | 9583 | 02/05/2018 | C - 1 | Books |